[Event "PRO League Group Stage"]
[Site "chess.com INT"]
[Date "2018.01.31"]
[Round "3"]
[White "Lenic, Luka"]
[Black "Thorhallsson, Throstur"]
[Result "0-1"]
[WhiteTitle "GM"]
[BlackTitle "GM"]
[WhiteElo "2662"]
[BlackElo "2418"]
[WhiteTeam "Ljubljana Turtles"]
[BlackTeam "Reykjavik Puffins"]
[WhiteFideId "14603853"]
[BlackFideId "2300109"]
[EventDate "2018.01.18"]

1. Nf3 d5 2. g3 Nf6 3. Bg2 c6 4. O-O Bg4 5. h3 Bh5 6. d4 Nbd7 7. c4 e6 8. cxd5
exd5 9. Qb3 Qb6 10. Qe3+ Be7 11. Nh4 Bg6 12. Nc3 Qd8 13. b4 O-O 14. Nxg6 hxg6
15. b5 Re8 16. Qd3 Nb6 17. Bf4 Bd6 18. Bg5 Qd7 19. h4 Rac8 20. a4 Bb4 21. Na2
Be7 22. bxc6 bxc6 23. Nc3 Qe6 24. Bxf6 Bxf6 25. Rab1 Nc4 26. Rb7 a5 27. Rfb1 g5
28. h5 Qg4 29. Bf3 Qxd4 30. Qxd4 Bxd4 31. Rc1 Rb8 32. Rc7 Ne5 33. Nd1 g4 34. Bg2
Bb6 35. R7xc6 Nxc6 36. Rxc6 Rxe2 37. Kf1 Rd2 38. Ke1 Ra2 39. Nc3 Re8+ 40. Kd1
Rxf2 41. Bxd5 Bd4 42. Ne4 Rf5 43. Nd6 Rxd5 44. Nxe8 Be5+ 45. Ke2 Rd8 46. Nc7 Rc8
47. Nd5 Rxc6 48. Ne7+ Kh7 49. Nxc6 Bc7 50. Ne7 Bxg3 51. Nf5 Bc7 52. Ne3 Kh6 53.
Nxg4+ Kxh5 54. Kf3 Kg5 55. Ne3 f5 56. Nd5 Bd6 57. Ne3 g6 58. Nc4 Bb4 59. Nb6 Kf6
60. Nd5+ Ke5 0-1

[Event "PRO League Group Stage"]
[Site "chess.com INT"]
[Date "2018.01.31"]
[Round "3"]
[White "Gorozhanin, Mikhail"]
[Black "Tokranovs, Dmitrijs"]
[Result "1-0"]
[WhiteTitle "FM"]
[BlackTitle "FM"]
[WhiteElo "2435"]
[BlackElo "2354"]
[WhiteTeam "Volga Stormbringers"]
[BlackTeam "Riga Magicians"]
[WhiteFideId "4178262"]
[BlackFideId "11603011"]
[EventDate "2018.01.18"]

1. d4 Nf6 2. Bf4 e6 3. e3 d5 4. c4 Bb4+ 5. Nc3 O-O 6. a3 Bxc3+ 7. bxc3 c5 8. Bd3
cxd4 9. cxd4 dxc4 10. Bxc4 Ne4 11. Qb1 Qa5+ 12. Qb4 Qf5 13. Nf3 Nc6 14. Qb5 Qxb5
15. Bxb5 Bd7 16. Bd3 Nc3 17. Rc1 Nd5 18. Bd6 Rfc8 19. Ke2 a6 20. e4 Nf6 21. Rc5
b6 22. Rc2 Na5 23. Rhc1 Rxc2+ 24. Rxc2 Bb5 25. Nd2 Nc6 26. Nf3 Na5 27. Bxb5 axb5
28. Nd2 h6 29. f3 Rd8 30. Bc7 Rxd4 31. Bxb6 Ra4 32. Rc8+ Kh7 33. Ra8 Nc6 34.
Rxa4 bxa4 35. Nc4 Nd7 36. Be3 g5 37. Nb2 Kg6 38. Nxa4 f5 39. Nc3 Nde5 40. a4 Nc4
41. Bc5 h5 42. Nb5 Nb2 43. Nc3 Nc4 44. Kd3 Nb2+ 45. Kc2 Nc4 46. Nb5 h4 47. Kc3
N4a5 48. Nd4 1-0

[Event "PRO League Group Stage"]
[Site "chess.com INT"]
[Date "2018.01.31"]
[Round "3"]
[White "Gorozhanin, Mikhail"]
[Black "Kantans, Toms"]
[Result "0-1"]
[WhiteTitle "FM"]
[BlackTitle "GM"]
[WhiteElo "2435"]
[BlackElo "2478"]
[WhiteTeam "Volga Stormbringers"]
[BlackTeam "Riga Magicians"]
[WhiteFideId "4178262"]
[BlackFideId "11602945"]
[EventDate "2018.01.18"]

1. d4 Nf6 2. Bf4 b6 3. e3 Bb7 4. Nf3 d6 5. h3 Nbd7 6. Be2 g6 7. O-O Bg7 8. a4 a5
9. Na3 O-O 10. c3 e6 11. Nb5 Ne4 12. Bh2 f5 13. Qb3 Re8 14. Bc4 Nf8 15. Rfd1 Qe7
16. Ne1 Kh8 17. Qa2 Rad8 18. Nd3 g5 19. f3 Nf6 20. Re1 Ng6 21. b4 g4 22. hxg4
fxg4 23. e4 gxf3 24. gxf3 axb4 25. Nxb4 Nh5 26. Nd3 Rf8 27. Rf1 d5 28. Bb3 dxe4
29. Nf2 Rxf3 30. Bxe6 Qg5+ 31. Ng4 Nhf4 32. Rxf3 exf3 33. Kf1 Nxe6 34. Qxe6 Bd5
35. Qe3 Qxg4 36. Qg1 Qg2+ 37. Qxg2 fxg2+ 38. Kg1 Bh6 39. Bxc7 Be3+ 40. Kh2 g1=Q+
41. Rxg1 Bxg1+ 42. Kxg1 Ra8 43. Bxb6 Rxa4 44. Nc7 Bc4 45. d5 Kg8 46. d6 Ne5 47.
Bd4 Nd7 48. Kh2 Kf7 0-1

[Event "PRO League Group Stage"]
[Site "chess.com INT"]
[Date "2018.01.31"]
[Round "3"]
[White "Sarana, Alexey"]
[Black "Ostrovskiy, Andrey"]
[Result "1-0"]
[WhiteTitle "GM"]
[BlackTitle "IM"]
[WhiteElo "2562"]
[BlackElo "2448"]
[WhiteTeam "Australia Kangaroos"]
[BlackTeam "Las Vegas Desert Rats"]
[WhiteFideId "24133795"]
[BlackFideId "14110326"]
[EventDate "2018.01.18"]

1. d4 Nf6 2. Nf3 e6 3. Bf4 c5 4. e3 Nc6 5. c3 d5 6. Nbd2 Bd6 7. Bg3 O-O 8. Bb5
cxd4 9. exd4 Qc7 10. Qe2 a6 11. Bd3 b5 12. a3 Re8 13. Ne5 Bb7 14. O-O Ne7 15.
Ng4 Nxg4 16. Qxg4 Ng6 17. Rae1 Bc6 18. Bxd6 Qxd6 19. f4 a5 20. f5 exf5 21. Qxf5
Qd7 22. Qxd7 Bxd7 23. Nb3 Rxe1 24. Rxe1 Nf4 25. Bf1 Kf8 26. Nc5 Bc6 27. g3 Nh5
28. Nd3 Nf6 29. Ne5 Be8 30. Bd3 Rb8 31. Ra1 Ke7 32. Kf2 Kd6 33. Ke3 h6 34. Kd2
h5 35. Rf1 Ne4+ 36. Bxe4 dxe4 37. Nxf7+ Kd5 38. Ne5 b4 39. axb4 axb4 40. Rf8
bxc3+ 41. bxc3 Rc8 42. Ng6 Ra8 43. Ke3 Kc4 44. Ne5+ Kxc3 45. d5 Kb4 46. d6 Rc8
47. Rxe8 Rxe8 48. d7 Rxe5 49. d8=Q g5 50. Qd4+ 1-0

[Event "PRO League Group Stage"]
[Site "chess.com INT"]
[Date "2018.01.31"]
[Round "3"]
[White "Sarana, Alexey"]
[Black "Pakleza, Zbigniew"]
[Result "1/2-1/2"]
[WhiteTitle "GM"]
[BlackTitle "GM"]
[WhiteElo "2562"]
[BlackElo "2496"]
[WhiteTeam "Australia Kangaroos"]
[BlackTeam "Las Vegas Desert Rats"]
[WhiteFideId "24133795"]
[BlackFideId "1119290"]
[EventDate "2018.01.18"]

1. d4 d5 2. Nf3 Nf6 3. Bf4 c5 4. e3 Nc6 5. Nbd2 Bf5 6. c3 e6 7. Qb3 Qb6 8. Qxb6
axb6 9. Bc7 Nd7 10. Nh4 Bg6 11. Nxg6 hxg6 12. Bb5 Be7 13. a4 Bd8 14. Bg3 Rc8 15.
Ke2 Bc7 16. a5 Bxg3 17. hxg3 Ke7 18. Rxh8 Rxh8 19. axb6 cxd4 20. exd4 Rc8 21.
Nb3 Nxb6 22. Nc5 Nd8 23. Ra7 Rc7 24. Kd3 Nc8 25. Ra8 Nd6 26. Ba4 g5 27. Bb3 g4
28. Ra1 f5 29. f3 b6 30. Na4 Ra7 31. Re1 Nc4 32. Kc2 gxf3 33. gxf3 Kf6 34. Bxc4
Rxa4 35. Bd3 Nf7 36. Kb3 Ra5 37. c4 Nd6 38. cxd5 Rxd5 39. Kc3 Ra5 40. f4 Ra8 41.
Kb4 Rh8 42. Kc3 Rh3 43. Re3 Rh1 44. d5 exd5 45. Kd4 Ne4 46. Kxd5 Rd1 47. Kc6 Nc5
48. Bc4 Rc1 49. Bd5 g5 50. Kxb6 gxf4 51. gxf4 Na4+ 52. Kb5 Nxb2 53. Re6+ Kg7 54.
Re5 Kf6 55. Re6+ Kg7 56. Re3 Nd1 57. Re7+ Kf6 58. Re6+ Kg7 59. Re7+ Kf6 60. Re6+
Kg7 61. Re7+ Kf6 1/2-1/2

[Event "PRO League Group Stage"]
[Site "chess.com INT"]
[Date "2018.01.31"]
[Round "3"]
[White "Villanueva, Mario"]
[Black "Boros, Denes"]
[Result "0-1"]
[WhiteTitle "IM"]
[BlackTitle "GM"]
[WhiteElo "2466"]
[BlackElo "2457"]
[WhiteTeam "Buenos Aires Krakens"]
[BlackTeam "Webster Windmills"]
[WhiteFideId "113433"]
[BlackFideId "722340"]
[EventDate "2018.01.18"]

1. e4 g6 2. d4 Bg7 3. Nc3 c6 4. f4 Nh6 5. Nf3 d5 6. e5 Qb6 7. Na4 Qc7 8. h3 Nf5
9. Rg1 h5 10. g3 b6 11. Bd3 Ba6 12. Nc3 e6 13. Ne2 c5 14. Bxa6 Nxa6 15. c3 Qc6
16. Kf2 b5 17. g4 hxg4 18. hxg4 Nh4 19. Ng5 f6 20. exf6 Bxf6 21. Rh1 Qd6 22. Qd3
Bxg5 23. Qxb5+ Ke7 24. Qb7+ Nc7 25. dxc5 Qxc5+ 26. Be3 Qd6 27. fxg5 Raf8+ 28.
Nf4 Rxf4+ 29. Ke2 Rxg4 30. Qxa7 Qe5 31. Raf1 d4 32. Qa3+ Ke8 33. cxd4 Rg2+ 34.
Kd1 Qe4 35. Qa4+ Kd8 36. Qb3 Kc8 37. Rf7 Rg3 38. Rhf1 Nf5 39. Rxc7+ Kxc7 40.
Qc4+ Kd8 41. Bd2 Qb1+ 0-1

[Event "PRO League Group Stage"]
[Site "chess.com INT"]
[Date "2018.01.31"]
[Round "3"]
[White "Villanueva, Mario"]
[Black "Ashwin, Jayaram"]
[Result "0-1"]
[WhiteTitle "IM"]
[BlackTitle "GM"]
[WhiteElo "2466"]
[BlackElo "2486"]
[WhiteTeam "Buenos Aires Krakens"]
[BlackTeam "Webster Windmills"]
[WhiteFideId "113433"]
[BlackFideId "5018137"]
[EventDate "2018.01.18"]

1. e4 c6 2. d4 d5 3. Nc3 dxe4 4. Nxe4 Bf5 5. Ng3 Bg6 6. h4 h6 7. Nf3 Nd7 8. h5
Bh7 9. Bd3 Bxd3 10. Qxd3 e6 11. Bd2 a5 12. O-O-O Bb4 13. c3 Be7 14. Nf1 Ngf6 15.
Ne3 Nc5 16. Qe2 Nce4 17. Be1 b5 18. Ne5 Qc7 19. f3 Nd6 20. g4 Nd5 21. Bg3 Bg5
22. Rd3 O-O 23. Kb1 Bxe3 24. Rxe3 Nxe3 25. Qxe3 Nc4 26. Qe1 Nxe5 27. Bxe5 Qd7
28. g5 hxg5 29. h6 f6 30. hxg7 Qxg7 31. Bd6 Qg6+ 32. Ka1 Rfe8 33. f4 g4 34. Rh4
Ra7 35. Qh1 Rh7 36. Rxh7 Qxh7 37. Qxc6 Rd8 38. Bc5 Qd7 39. Qh1 Qd5 40. Qh4 Qf3
41. a3 Qxf4 42. Be7 Rd7 43. Bc5 Rh7 44. Qe1 Kf7 45. Qe2 Rh1+ 46. Ka2 Qf1 47.
Qxg4 Qc4+ 48. b3 Rh2+ 49. Kb1 Qxb3+ 50. Ka1 Qa2# 0-1

[Event "PRO League Group Stage"]
[Site "chess.com INT"]
[Date "2018.01.31"]
[Round "3"]
[White "Abdrlauf, Elham"]
[Black "Urkedal, Frode"]
[Result "0-1"]
[BlackTitle "GM"]
[WhiteElo "2073"]
[BlackElo "2572"]
[WhiteTeam "Norway Gnomes"]
[BlackTeam "Oslo Trolls"]
[WhiteFideId "1533533"]
[BlackFideId "1506102"]
[EventDate "2018.01.18"]

1. e4 e5 2. Nf3 Nc6 3. Bc4 Nf6 4. d3 Be7 5. O-O O-O 6. Nc3 d6 7. h3 Na5 8. Bb3
Nxb3 9. axb3 c5 10. Bg5 Be6 11. Nh2 h6 12. Be3 d5 13. exd5 Nxd5 14. Qd2 b6 15.
Nxd5 Qxd5 16. Rae1 Rad8 17. f4 e4 18. f5 Bxf5 19. c4 Qe6 20. Qf2 Bh7 21. dxe4
Bxe4 22. Bf4 f5 23. g4 Bf6 24. Be3 fxg4 25. Nxg4 Bc3 26. Qxf8+ Rxf8 27. Rxf8+
Kxf8 28. bxc3 h5 29. Nf2 Qg6+ 30. Kf1 Bf3 31. Rc1 Qe6 32. Re1 Qf5 33. Rc1 g5 34.
Ke1 g4 35. hxg4 hxg4 36. Kd2 g3 37. Nd3 g2 38. b4 Qd7 39. Kc2 Be4 40. Rd1 cxb4
41. cxb4 Qa4+ 42. Kc3 Qxd1 0-1

[Event "PRO League Group Stage"]
[Site "chess.com INT"]
[Date "2018.01.31"]
[Round "3"]
[White "Abdrlauf, Elham"]
[Black "Holm, Kristian Stuvik"]
[Result "0-1"]
[BlackTitle "IM"]
[WhiteElo "2073"]
[BlackElo "2436"]
[WhiteTeam "Norway Gnomes"]
[BlackTeam "Oslo Trolls"]
[WhiteFideId "1533533"]
[BlackFideId "1508083"]
[EventDate "2018.01.18"]

1. e4 c5 2. Nf3 g6 3. d4 cxd4 4. Nxd4 Bg7 5. Nc3 Nc6 6. Be3 Nf6 7. Be2 O-O 8.
O-O d6 9. Kh1 Bd7 10. Rb1 Rc8 11. f4 Nxd4 12. Bxd4 Bc6 13. Bf3 Nd7 14. Be5 dxe5 0-1

[Event "PRO League Group Stage"]
[Site "chess.com INT"]
[Date "2018.01.31"]
[Round "3"]
[White "Paikidze, Nazi"]
[Black "Sarana, Alexey"]
[Result "0-1"]
[WhiteTitle "IM"]
[BlackTitle "GM"]
[WhiteElo "2352"]
[BlackElo "2562"]
[WhiteTeam "Las Vegas Desert Rats"]
[BlackTeam "Australia Kangaroos"]
[WhiteFideId "13603620"]
[BlackFideId "24133795"]
[EventDate "2018.01.18"]

1. Nf3 Nf6 2. g3 d5 3. d4 c6 4. Bg2 Bf5 5. O-O e6 6. c3 Nbd7 7. Nbd2 Bd6 8. h3
h6 9. Qb3 Qb6 10. Qxb6 axb6 11. Re1 b5 12. Nh4 Bc2 13. b3 O-O 14. e4 dxe4 15.
Nxe4 Nxe4 16. Bxe4 Bxe4 17. Rxe4 Nf6 18. Re2 Ra6 19. Bf4 Bxf4 20. gxf4 Nd5 21.
f5 Nxc3 22. Rc2 b4 23. fxe6 fxe6 24. Ng6 Rfa8 25. a4 Rd8 26. Rd2 c5 27. Ne5 cxd4
28. Nd3 Rb6 29. a5 Rb5 30. a6 bxa6 31. Rxa6 e5 32. f3 Rf8 33. Re6 Rxf3 34. Nxe5
Re3 35. Rxd4 Ne2+ 36. Kf2 Rexe5 37. Rd8+ Kh7 38. Rxe5 Rxe5 39. Kf3 Nc1 40. Rd4
Rb5 0-1

[Event "PRO League Group Stage"]
[Site "chess.com INT"]
[Date "2018.01.31"]
[Round "3"]
[White "Paikidze, Nazi"]
[Black "Kuybokarov, Temur"]
[Result "0-1"]
[WhiteTitle "IM"]
[BlackTitle "IM"]
[WhiteElo "2352"]
[BlackElo "2472"]
[WhiteTeam "Las Vegas Desert Rats"]
[BlackTeam "Australia Kangaroos"]
[WhiteFideId "13603620"]
[BlackFideId "14203049"]
[EventDate "2018.01.18"]

1. d4 Nf6 2. c4 e6 3. g3 c5 4. d5 exd5 5. cxd5 d6 6. Nc3 g6 7. Bg2 Bg7 8. Nf3
O-O 9. O-O Re8 10. Nd2 a6 11. a4 Nbd7 12. Nc4 Ne5 13. Nxe5 Rxe5 14. a5 Re8 15.
Bf4 Nh5 16. Bd2 b5 17. axb6 Qxb6 18. Na4 Qb5 19. Bf3 Nf6 20. Bc3 Bf5 21. Re1 Be4
22. Bxf6 Bxf6 23. Bxe4 Rxe4 24. Nc3 Bxc3 25. bxc3 Rae8 26. e3 a5 27. Qb1 Qa6 28.
Ra3 a4 29. Qa2 h5 30. Ra1 Qd3 31. Rxa4 Qxc3 32. Rxe4 Rxe4 33. Qb1 Rb4 34. Ra8+
Kg7 35. Qa1 Qxa1+ 36. Rxa1 Kf6 37. f4 Kf5 38. Kg2 Ke4 39. Ra7 c4 40. Rxf7 c3 41.
Rc7 Kd3 42. Kf3 Rc4 43. Rxc4 Kxc4 44. Ke2 Kb3 45. Kd1 Kb2 0-1

[Event "PRO League Group Stage"]
[Site "chess.com INT"]
[Date "2018.01.31"]
[Round "3"]
[White "Ni, Hua"]
[Black "Kambrath, Yannick"]
[Result "1-0"]
[WhiteTitle "GM"]
[BlackTitle "FM"]
[WhiteElo "2670"]
[BlackElo "2342"]
[WhiteTeam "Chengdu Pandas"]
[BlackTeam "Rio Grande Ospreys"]
[WhiteFideId "8601160"]
[BlackFideId "20632525"]
[EventDate "2018.01.18"]

1. e4 e5 2. Nf3 Nc6 3. Bb5 Bc5 4. O-O Nd4 5. Nxd4 Bxd4 6. c3 Bb6 7. a4 c6 8. Bc4
Nf6 9. d3 h6 10. Nd2 O-O 11. Bb3 d5 12. h3 Re8 13. Qe2 Be6 14. Rd1 Qc7 15. Bc2
Rad8 16. Nf1 a5 17. Qf3 dxe4 18. dxe4 Rxd1 19. Bxd1 Nd7 20. Ne3 Nc5 21. Nf5 Bxf5
22. exf5 e4 23. Qg4 Qd6 24. Bf4 Qf6 25. Be3 Nd7 26. Bxb6 Nxb6 27. Bb3 Nd5 28.
Re1 Qe5 29. Bxd5 cxd5 30. Rd1 Rd8 31. Rd4 Rd6 32. Qg3 f6 33. Qg4 Rb6 34. Rd2 Rd6
35. Qg3 Kf8 36. Qe3 Qxf5 37. Qc5 Qe5 38. Qc8+ Kf7 39. Qxb7+ Qe7 40. Qb5 e3 41.
Re2 exf2+ 42. Kxf2 Qa7+ 43. Kg3 Rd7 44. Kh2 Qc7+ 45. Kg1 d4 46. cxd4 Qc1+ 47.
Kh2 Qf4+ 48. g3 Qd6 49. Qxa5 Qxd4 50. Qa6 Re7 51. Rxe7+ Kxe7 52. Qe2+ Kd6 53.
Qc2 Ke6 54. a5 Qd6 55. b3 Kf7 56. Qa2 Qa6 57. b4+ Kg6 58. Qc2+ f5 59. h4 Kf6 60.
Qb2+ Kg6 61. Qa2 Qb5 62. a6 f4 63. Qe6+ Kh7 64. Qe4+ g6 65. a7 Qb6 66. Qe7+ 1-0

[Event "PRO League Group Stage"]
[Site "chess.com INT"]
[Date "2018.01.31"]
[Round "3"]
[White "Gozzoli, Yannick"]
[Black "Fernandez, Daniel Howard"]
[Result "1-0"]
[WhiteTitle "GM"]
[BlackTitle "GM"]
[WhiteElo "2565"]
[BlackElo "2496"]
[WhiteTeam "Marseille Migraines"]
[BlackTeam "London Lions"]
[WhiteFideId "616915"]
[BlackFideId "5801605"]
[EventDate "2018.01.18"]

1. d4 b5 2. Nf3 Bb7 3. Bg5 Qc8 4. e3 b4 5. a3 a5 6. axb4 axb4 7. Rxa8 Bxa8 8.
Nbd2 e6 9. Bd3 Be7 10. O-O Nf6 11. e4 d5 12. e5 Nfd7 13. Bxe7 Kxe7 14. Nb3 c5
15. dxc5 Nc6 16. Qd2 h6 17. Re1 Qc7 18. Qf4 Rb8 19. h4 Na5 20. Nbd4 Nxc5 21. b3
Nc6 22. h5 Bb7 23. Nb5 Qb6 24. Nd6 Rf8 25. Qh4+ f6 26. Qg3 Rg8 27. exf6+ Kd7 28.
f7 Rf8 29. Qxg7 Qd8 30. Nxb7 Nxb7 31. Bb5 Kc7 32. Bxc6 Kxc6 33. Ne5+ 1-0

[Event "PRO League Group Stage"]
[Site "chess.com INT"]
[Date "2018.01.31"]
[Round "3"]
[White "Gozzoli, Yannick"]
[Black "Horton, Andrew P"]
[Result "1/2-1/2"]
[WhiteTitle "GM"]
[BlackTitle "FM"]
[WhiteElo "2565"]
[BlackElo "2397"]
[WhiteTeam "Marseille Migraines"]
[BlackTeam "London Lions"]
[WhiteFideId "616915"]
[BlackFideId "424269"]
[EventDate "2018.01.18"]

1. d4 Nf6 2. Nf3 e6 3. Bg5 h6 4. Bxf6 Qxf6 5. e4 d6 6. c3 Nd7 7. a4 g6 8. Na3 a6
9. a5 Bg7 10. Nc4 Qe7 11. Bd3 O-O 12. O-O e5 13. Re1 Re8 14. Rc1 Rb8 15. Bf1 Nf8
16. Ne3 Qd8 17. dxe5 dxe5 18. Qb3 Be6 19. Bc4 c6 20. Qa3 Qc7 21. Rcd1 Rbd8 22.
b4 Rxd1 23. Rxd1 Rd8 24. Qa1 h5 25. g3 Bh6 26. Bxe6 Nxe6 27. Nc4 f6 28. Qb1 Bf8
29. Rd3 Kf7 30. Qd1 Rxd3 31. Qxd3 Qd8 32. Qb1 Nc7 33. Ne3 Qd7 34. Kg2 Qe6 35.
Qd3 Ke8 36. Nh4 Qf7 37. Nc4 Nb5 38. Nb6 Bd6 39. Nc4 Bc7 40. Kf1 Kf8 41. Ke2 Kg7
42. Kd2 Qe6 43. Kc1 Qe7 44. Ne3 Qd8 45. Qxd8 Bxd8 46. Kc2 Kf7 47. Kd3 Bc7 48.
Nf3 Nd6 49. Nd2 Ke6 50. Nb3 b6 51. axb6 Bxb6 52. f3 Nb7 53. Nc4 Bc7 54. h3 Kd7
55. g4 c5 56. gxh5 gxh5 57. Ne3 cxb4 58. cxb4 Kc6 59. Nf5 Kb5 60. Kc3 Bd6 61.
Nxd6+ Nxd6 62. Nc1 Nb7 63. Ne2 Nd6 64. Ng3 h4 65. Nh5 Ne8 66. Kb3 Kb6 67. Ka4
Kc6 68. Ka5 Kb7 69. Ka4 Kb6 70. Kb3 Kb5 71. Kc3 Kb6 72. Kc4 Kc6 73. Kb3 Kb5 74.
Kc3 Kb6 75. Kc4 Kc6 76. Kb3 Kb5 1/2-1/2

[Event "PRO League Group Stage"]
[Site "chess.com INT"]
[Date "2018.01.31"]
[Round "3"]
[White "Villegas, Pierre"]
[Black "Rendle, Thomas E"]
[Result "1-0"]
[WhiteTitle "FM"]
[BlackTitle "IM"]
[WhiteElo "2320"]
[BlackElo "2362"]
[WhiteTeam "Cannes Blockbusters"]
[BlackTeam "London Towers"]
[WhiteFideId "654183"]
[BlackFideId "408760"]
[EventDate "2018.01.18"]

1. Nf3 e6 2. c4 f5 3. g3 Nf6 4. Bg2 Be7 5. O-O O-O 6. b3 d6 7. d4 Ne4 8. Bb2 Nd7
9. Nc3 d5 10. cxd5 Nxc3 11. Bxc3 exd5 12. e3 c6 13. Qc2 Nf6 14. Rfc1 Be6 15. Ne5
Ne4 16. Be1 Ba3 17. Rd1 a5 18. Nd3 Qg5 19. Nf4 Bf7 20. f3 Nd6 21. Bd2 Qf6 22.
Nd3 Rfc8 23. Bc1 Bxc1 24. Raxc1 Re8 25. Ne5 Be6 26. f4 Ne4 27. Rb1 Qe7 28. a4
Bf7 29. Bxe4 fxe4 30. Qc3 Qb4 31. Rdc1 Be6 32. Ra1 Qxc3 33. Rxc3 Ra6 34. Rb1 Rb6
35. g4 g6 36. Kf2 Ra8 37. h4 Kg7 38. Kg3 Rb4 39. Rf1 Rf8 40. Kf2 Bc8 41. Ke1 Kf6
42. Kd1 Rh8 43. Kc2 h5 44. g5+ Kg7 45. Rc5 Bh3 46. Rh1 Bf5 47. Rxa5 Rc8 48. Kc3
Rb6 49. b4 Ra6 50. Rxa6 bxa6 51. Kb3 Kf8 52. Rc1 Ke7 53. Rxc6 Rxc6 54. Nxc6+ Kd6
55. Ne5 Kc7 56. a5 Kb7 57. Ka4 Ka7 58. b5 Kb7 59. b6 Kc8 60. Kb4 Kb7 61. Kc5 Be6
62. Nxg6 1-0

[Event "PRO League Group Stage"]
[Site "chess.com INT"]
[Date "2018.01.31"]
[Round "3"]
[White "Villegas, Pierre"]
[Black "Jones, Gawain C B"]
[Result "0-1"]
[WhiteTitle "FM"]
[BlackTitle "GM"]
[WhiteElo "2320"]
[BlackElo "2640"]
[WhiteTeam "Cannes Blockbusters"]
[BlackTeam "London Towers"]
[WhiteFideId "654183"]
[BlackFideId "409561"]
[EventDate "2018.01.18"]

1. d4 d6 2. c4 g6 3. e4 Bg7 4. Ne2 e5 5. Be3 Nc6 6. Nbc3 Nh6 7. f3 f5 8. d5 Ne7
9. Qd2 f4 10. Bf2 g5 11. h3 Nf7 12. Nc1 c5 13. dxc6 bxc6 14. Be2 Be6 15. h4 Ng6
16. hxg5 Qxg5 17. Kf1 Rd8 18. Nb3 Bf6 19. Na5 Rg8 20. Rh2 Ne7 21. Rd1 Qg6 22.
Qc2 Kf8 23. Qb3 Kg7 24. Qa3 Rd7 25. c5 Rgd8 26. cxd6 Nxd6 27. Qc5 Qf7 28. b3 Nb5
29. Rxd7 Rxd7 30. Nxc6 Nxc3 31. Nxe5 Qe8 32. Qxc3 Ng6 33. Bd4 Rxd4 34. Qxd4 Nxe5
35. Qxa7+ Bf7 36. Qc5 Qd8 37. Qc1 Ng6 38. Bc4 Qc7 39. Rh5 Ne5 40. Rf5 Be6 41.
Qxf4 Bxf5 42. Qxf5 Nxc4 43. bxc4 Qxc4+ 44. Kg1 Qc1+ 45. Kh2 Qh6+ 46. Kg1 Bd4+
47. Kf1 Qc1+ 48. Ke2 Qc2+ 49. Ke1 Bc3+ 50. Kf1 Qd1+ 51. Kf2 Qe1# 0-1

[Event "PRO League Group Stage"]
[Site "chess.com INT"]
[Date "2018.01.31"]
[Round "3"]
[White "Kanep, Meelis"]
[Black "Puranik, Abhimanyu"]
[Result "0-1"]
[WhiteTitle "GM"]
[BlackTitle "GM"]
[WhiteElo "2446"]
[BlackElo "2520"]
[WhiteTeam "Estonia Horses"]
[BlackTeam "Mumbai Movers"]
[WhiteFideId "4501047"]
[BlackFideId "5061245"]
[EventDate "2018.01.18"]

1. d4 Nf6 2. Bg5 g6 3. Bxf6 exf6 4. e3 d5 5. c4 dxc4 6. Bxc4 Bd6 7. Nc3 f5 8.
Nf3 Nd7 9. Qb3 O-O 10. h4 Nf6 11. h5 Nxh5 12. Rxh5 gxh5 13. O-O-O f4 14. e4 Bg4
15. e5 Be7 16. Qxb7 Qd7 17. Qe4 Qf5 18. Qe2 Qg6 19. Nd5 Bd8 20. Bd3 Qh6 21. Qe4
Rb8 22. Rd2 c6 23. Nxf4 Bxf3 24. Qxf3 Bg5 25. g3 Rfd8 26. Bc2 Rb4 27. Qc3 Rdb8
28. e6 fxe6 29. Qxc6 h4 30. Bb3 Kh8 31. Kb1 e5 32. Qxh6 Bxh6 33. dxe5 Bxf4 34.
gxf4 Rxf4 35. e6 Re8 36. Rd7 h3 37. Bd5 h2 38. e7 Kg7 39. Kc2 Rd4 40. Rd8 Rxe7 0-1

[Event "PRO League Group Stage"]
[Site "chess.com INT"]
[Date "2018.01.31"]
[Round "3"]
[White "Kanep, Meelis"]
[Black "Kunte, Abhijit"]
[Result "0-1"]
[WhiteTitle "GM"]
[BlackTitle "GM"]
[WhiteElo "2446"]
[BlackElo "2499"]
[WhiteTeam "Estonia Horses"]
[BlackTeam "Mumbai Movers"]
[WhiteFideId "4501047"]
[BlackFideId "5002265"]
[EventDate "2018.01.18"]

1. d4 Nf6 2. Bg5 g6 3. Bxf6 exf6 4. e3 f5 5. c4 Bg7 6. Nc3 O-O 7. g3 d6 8. Bg2
c6 9. Nge2 Nd7 10. O-O Nf6 11. b4 h5 12. b5 Bd7 13. bxc6 Bxc6 14. Nd5 Ne4 15.
Qd3 Re8 16. Nec3 Nxc3 17. Qxc3 Rc8 18. Qb4 h4 19. a4 hxg3 20. hxg3 Qd7 21. a5 g5
22. Bh3 Qe6 23. Qb1 Bxd5 24. Bxf5 Bf3 25. Bxe6 Rxe6 26. Qf5 g4 27. d5 Rh6 28.
Qxc8+ Bf8 29. Qxg4+ Bxg4 30. f3 Bc8 31. g4 Bg7 32. Rab1 Bc3 33. Rfd1 Bxa5 34. c5
Kf8 35. Rbc1 Bd7 36. c6 bxc6 37. dxc6 Bc8 38. c7 Ke7 39. Rd5 Bb6 40. Kf2 Kd7 41.
Rf5 Ke7 42. Rh5 Re6 43. Rc3 Kd7 44. Rh7 Re7 45. g5 Bc5 46. f4 Ke6 47. Kf3 Kd7
48. e4 Bb7 49. Rh6 Bxe4+ 50. Kg3 Kxc7 51. Kg4 a5 52. f5 a4 53. g6 fxg6 54. fxg6
Kc6 55. Kg5 a3 56. Rh4 a2 57. Rc1 Bb1 58. Ra4 Kb5 59. Rxc5+ dxc5 60. Ra8 Kc4 61.
Kf6 Re8 62. Ra7 Bxg6 63. Rxa2 Bd3 0-1

[Event "PRO League Group Stage"]
[Site "chess.com INT"]
[Date "2018.01.31"]
[Round "3"]
[White "Tang, Andrew"]
[Black "Shetty, Atulya"]
[Result "1-0"]
[WhiteTitle "IM"]
[BlackTitle "IM"]
[WhiteElo "2513"]
[BlackElo "2389"]
[WhiteTeam "Minnesota Blizzard"]
[BlackTeam "Pittsburgh Pawngrabbers"]
[WhiteFideId "2059630"]
[BlackFideId "2031213"]
[EventDate "2018.01.18"]

1. d4 d5 2. Bf4 Nf6 3. e3 c5 4. dxc5 Nc6 5. Bb5 e6 6. b4 a5 7. c3 Be7 8. Nd2 O-O
9. Qb3 e5 10. Bg3 Be6 11. Qb2 Nh5 12. Ngf3 Nxg3 13. hxg3 e4 14. Nd4 Nxd4 15.
cxd4 axb4 16. Qxb4 b6 17. Nb3 Qb8 18. O-O bxc5 19. dxc5 Bd7 20. a4 Rxa4 21. Rxa4
Bxb5 22. Rc1 Bxa4 23. Qxa4 Rc8 24. c6 Qb6 25. Nd4 Bc5 26. Nb3 Bxe3 27. fxe3
Qxe3+ 28. Kf1 Qd3+ 29. Kf2 e3+ 30. Ke1 e2 31. Qg4 f5 32. Qf3 Qb5 33. Qxe2 Qb4+
34. Kf1 Kf8 35. Nc5 Re8 36. Ne6+ Kf7 37. Ng5+ Kf8 38. Nxh7+ Kf7 39. Ng5+ Kf8 40.
c7 1-0